000 00386nam a22001577a 4500
003 OSt
008 240221b |||||||| |||| 00| 0 eng d
020 _a9789353946142
082 _a005.133 SEP
100 _aSEBESTA,Robert W
245 _aProgramming the World Wide Web
250 _a8th Ed
260 _aNew Delhi
_bPearson Education India
_c2023
300 _a712
942 _2ddc
_cBK
999 _c12221
_d12221